Регионална библиотека "Любен Каравелов" - Русе

Радиация (Запис номер 43271)

MARC детайли
000 -Лидер
Контролно поле с фиксирана дължина 01699nam a2200361 c 4500
003 - Код на организацията, давaща контролен номер
Контролно поле BLK
005 - Дата и час на последна редакция
Контролно поле 20180422100922.0
008 - Елементи от данни с фиксирана дължина
fixed length control field 180408b bul|||||r ||||||| ||bul||
010 ## - Наследен системен номер
LC control number KNG00046970000
020 ## - Международен стандартен номер на книга ISBN
Международен стандартен номер на книга ISBN 954-663-001-2
-- издат.: БалБок
040 ## - Източник на каталожния запис
Идентификатор на билиотеката - собственик на записа BLK
041 ## - Код за език
Код за езика на текст/звукозапис или на отделно заглавие Български
Код за езика КДБФ Български
080 ## - УДК
Текстов определител УДК Ядрена и атомна енергетика.Ядрена техника. Вж и 539.1
УДК код - определител по УДК 621.039
УДК определител -78
УДК - код + определител 621.039-78
080 ## - УДК
Текстов определител УДК Хигиена на въздуха. Замърсяване с вредни газове и радиоактивен прах. Предпазни мерки при работа с опасни взривни материали. Вж и 613.11/15; 614.84
УДК код - определител по УДК 614.71/.75
УДК определител
УДК - код + определител 614.71/.75
139 ## - Редно поле
Редна дума Радиация
Авторски знак Ради - Р 14
245 10 - Сведения за заглавието
Заглавие Радиация
Подзаглавни данни Дози, ефекти, риск
Редно поле (дума) състав. и ред. Емил И. Вапирев; състав. и ред. Петър Тодоров.
257 ## - Страна на издаване
Страна на създаване/издаване България
260 ## - Област на издателските данни
-- София
Име на издателя, разпространителя и проч. БалБок
Година на издаване 1994
300 ## - Физическа характеристика
Страници 100 с
Илюстрации и др. с ил., табл., диагр.
Размери/Мащаб 23 см
380 ## - Жанр
Жанр Техника
490 1# - СЕРИИ (Колекции)
Име на серия Библиотека Радиоактивност
490 1# - СЕРИИ (Колекции)
-- Подсерия
Име на серия Ядрена безопасност и радиационна защита
650 #4 - Допълнително описание по предмет – тема
Основно описание – тема или топоним Радиация - вредно действие
9 (RLIN) 256453
653 ## - Ключова дума – ненормативна
Ключова дума радиоактивни елементи
653 ## - Ключова дума – ненормативна
Ключова дума радиация
700 1# - Други автори (авторска отговорност)
Лично име Вапирев, Емил И.
Автороска отговорност (Описва отношението между автора и произведението) състав. и ред.
9 (RLIN) 367762
700 1# - Други автори (авторска отговорност)
Лично име Тодоров, Петър
Автороска отговорност (Описва отношението между автора и произведението) състав. и ред.
9 (RLIN) 366364
852 ## - Местоположение
Форматна сигнатура Цб 180548
856 4# - Електронен адрес и достъп
Електронен формат pdf - файл
Път до файла /url/
856 4# - Електронен адрес и достъп
Електронен формат pdf - файл
Път до файла /url/
942 ## - АРТИКУЛИ
Вид на библиотечния материал Книги
Скрит в OPAC Не
944 ## - СЪЗДАВАНЕ И РЕДАКЦИЯ на ЗАПИСА
Създаване/Редакция Създаване
Дата на регистрацията/редакция 01.01.1999
Служител, извършил регистрацията/редакцията AB_DOS
944 ## - СЪЗДАВАНЕ И РЕДАКЦИЯ на ЗАПИСА
Създаване/Редакция Редакция
Дата на регистрацията/редакция 08.04.2003
Служител, извършил регистрацията/редакцията
999 ## - СИСТЕМНИ КОНТРОЛНИ НОМЕРА
Koha biblionumber 43271
Koha biblioitemnumber 43271
Наличности
Код за отписване Код за изгубен артикул Източник на класификационната схема Код за повреда Коз за рестрикции Код за отдаване Артикулен № Име на библиотеката - собственик Име на библиотеката, в която се намира в момента Статус (Текущо местоположение) Дата на вписване в системата Местоположение - отдел Цена в лева Инвентарен номер Систематично азбучна сигнатура Баркод Номер на екземпляра Цена в евро Служебна бележка Служебен тип на артикула
  Не е изгубен Universal Decimal Classification Не е повреден без рестрикции ползва се в читалня 68040 Регионална библиотека "Любен Каравелов" Русе Регионална библиотека "Любен Каравелов" Русе Хранилище 2001-01-01 Хранилище 0.00 609980 Цб 180548 120000609980 1 0.00 Дост: Dp Вид: Д N: стар фонд Дата: 01.01.1994 Дата инв: 07.04.2015 Бележки инв: Цб2015 Книги
Vip Innovations Ltd, Rousse, Bulgaria 2025